| 000 | 00437nam a22001697a 4500 | ||
|---|---|---|---|
| 003 | OSt | ||
| 005 | 20211013162233.0 | ||
| 008 | 211013b |||||||| |||| 00| 0 eng d | ||
| 020 | _a92-5-100400-5 | ||
| 040 | _cHawassa University | ||
| 050 |
_a631.3/WIL _b5 |
||
| 082 |
_a631.3/WIL _b5 |
||
| 100 |
_aWilkinson,Robert H. _913438 |
||
| 245 | _aElements of Agricultural Machinery V-1 | ||
| 260 |
_aRome _bFAO _c1977 |
||
| 942 |
_2ddc _cBOOKS _n0 |
||
| 999 |
_c12554 _d12554 |
||